000 02394nam a2200265Ia 4500
003 PE SENCICO BE
005 20251020182439.0
008 200515s2000 xx a 000 0 und d
020 _a958-8060-12-5
040 _aPE SENCICO BE
_cPE SENCICO BE
041 _aspa
082 _a526.9
_bT73 2001
100 1 _aTorres Nieto, Álvaro
_9123
_eautor
245 1 0 _aTopografía /
_cÁlvaro Torres Nieto, Eduardo Villate Bonilla
250 _a4a ed.
260 _aBogotá:
_bEscuela Colombiana de Ingeniería,
_c2000
300 _a460 p.:
_bil., col., tbl., graf.;
_c24 cm.
505 0 _a1. Introducciones. Nociones generales. -- 2. Mediciones con cinta. -- 3. Levantamiento de un lote por cinta únicamente. -- 4. Ángulos y direcciones. -- 5. La brújula y sus aplicaciones. -- 6. Dibujo topográfico. -- 7. El teodolito. -- 8. Diversos usos del teodolito. -- 9. Métodos para medir un terreno con tránsito y cinta. -- 10. Fórmulas para el cálculo del área. -- 11. Triangulación y trilateración. -- 12. Generalidades sobre otras clases de levantamiento. -- 13. Particiones. -- 14. Urbanizaciones. -- 15. Introducción a la altimetría. -- 16. Aparatos empleados en nivelación. -- 17. Nivelación barométrica. -- 18. Nivelación trigonométrica. -- 19. Nivelación directa (o geométrica). -- 20. Curvas de nivel - perfil -nivelación. -- 21. Ajuste de una nivelación. -- 22. Taquimetría. -- 23. Nociones de trazado. -- 24. Factores geométricos en el diseño de una vía. -- 25. Localización del proyecto en el terreno. -- 26. Estacas de chaflan y cubicación. -- 27. Nociones de fotogrametría. -- 28. Determinación de Azimut por altura absoluta del sol. -- 29. Principales características de los aparatos modernos empelados en topografía. -- 30. Topografía hidrográfica. -- 31. Sistema de posicionamiento global. -- 32. Sistema de información geográfica.-- 33. Computadores y su utilización en topografía. -- 34. Fórmulas.
520 3 _aLos avances en informática y en tecnología inalámbrica y satelital hicieron imperiosa una revisión total de la obra y la adición de nuevos capítulos sobre sistemas de información geográfica, topografía hidrográfica y GPS.
650 1 0 _aTopografía
_94
650 2 0 _aFotogrametría
_9120
650 2 0 _aSistemas de Información Geográfica (SIG)
_9125
700 1 _9126
_aVillate Bonilla, Eduardo
_eautor
942 _cLIB
_2ddc
999 _c474
_d474